Harry Potter (6) und der Halbblutprinz Quiz - Statistiken

Allgemein
  • Dieses Quiz wurde 476 mal gespielt
  • Das Durchschnittsergebnis liegt bei 10 aus 15
Antwortstatistiken
Frage Antwort % Korrekt
Mit welchem Fluch verletzt Harry Draco schwer? Sectumsempra
92%
Von wem befindet sich eine Nachricht in dem falschen Medaillon? Regulus Arcturus Black
90%
Wer ist Ron´s erste feste Freundin? Lavender Brown
89%
Wo befindet sich das Haus von Snape? Spinner's End
81%
Wer befindet sich neben Snape, Bellatrix und Narzissa noch im Haus, als Snape und Narzissa den Unbrechbaren Schwur leisten? Peter Pettigrew
75%
Wie heißt der Gegenfluch zum oben genannten Zauber? Vulnera Sanentur
72%
Welchen Zaubertrank müssen die Schüler brauen um die Flasche Felix Felicis zu gewinnen? Trank der lebenden Toten
68%
Wen hat Draco Malfoy mit dem Imperiusfluch belegt? Madam Rosmerta
67%
Wie hieß die Leiterin des Waisenhauses, während Tom Riddle dort wohnte? Mrs. Cole
64%
Mit wem Unterhält sich Draco Malfoy regelmäßig im Badezimmer? Maulende Myrte
60%
Welches alkoholisches Getränk trinkt sie während Dumbledore mit ihr redet? Gin
50%
Was für ein Tier tötet Bellatrix auf dem Weg zu Snapes Haus? einen Fuchs
47%
Wo beginnt das Buch "Harry Potter und der Halbblutprinz"? Im Büro des Premierministers
41%
Wer stirbt nicht in diesem Buch? Charity Burbage
36%
Wer greift den Fuchsbau an und setzt ihn dabei in Brand? der Fuchsbau wird nicht angegriffen
26%
Keine übereinstimmenden Quizze gefunden
Verteilung der Resultate
Anzahl Personen mit jedem Resultat
Perzentil nach korrekt beantworteten Fragen
Ihre Resultats-Entwicklung
Sie haben dieses Quiz noch nicht gespielt